Kolektívne investovanie na Slovensku bakalárska práca

Enregistré dans:
Détails bibliographiques
Auteur principal: Molčanová, Michaela
Collectivité auteur: Národohospodárska fakulta EU. Katedra bankovníctva a medzinárodných financií
Autres auteurs: Matušovič, Denis
Format: Livre
Langue:slovaque
Publié: Bratislava 2021
Tags: Ajouter un tag
Pas de tags, Soyez le premier à ajouter un tag!

MARC

LEADER 00000nbm a2200000 4500
001 0275130
005 20220110114148.2
041 0 |a slo 
044 |a SK 
245 1 0 |a Kolektívne investovanie na Slovensku  |b bakalárska práca  |c Michaela Molčanová ; školiteľ: Denis Matušovič 
264 1 |a Bratislava  |c 2021 
300 |a 53 s. 
100 1 |a Molčanová, Michaela 
700 1 |a Matušovič, Denis 
710 2 |a Národohospodárska fakulta EU. Katedra bankovníctva a medzinárodných financií